000 00336cam a22001217a 4500
008 180718b1896 xxu||||| |||| 00| 0 eng d
082 _aT412 W152
100 _aWalker, Francis A.
245 _aInternational bimetallism
_cby Francis A. Walker
260 _aNew York
_bH. Holt and Company
_c1896
300 _a297p.
650 _aBimetallism
999 _c431042
_d431042